3513-広島市(広島県)の駅 - Statistics

General Stats
  • This quiz has been taken 27 times
  • The average score is 55 of 123
Answer Stats
Answer % Correct
広島
100%
横川
88%
新白島
80%
西広島
80%
可部
76%
白島
76%
天神川
72%
五日市
72%
あき亀山
72%
八丁堀
72%
原爆ドーム前
72%
本通
72%
江波
72%
広島駅
68%
広電西広島
68%
緑井
64%
広域公園前
64%
大町
60%
矢賀
60%
紙屋町東
60%
紙屋町西
60%
広電五日市
60%
広島港
60%
県庁前
60%
瀬野
56%
安芸中野
56%
新井口
56%
矢野
56%
上深川
56%
下深川
56%
猿猴橋町
56%
銀山町
56%
宇品二丁目
56%
梅林
52%
狩留家
52%
中深川
52%
戸坂
52%
胡町
52%
宇品三丁目
52%
宇品四丁目
52%
宇品五丁目
52%
横川駅
52%
中野東
48%
下祇園
48%
女学院前
48%
古市
48%
48%
三滝
44%
古市橋
44%
安芸矢口
44%
立町
44%
草津
44%
市役所前
44%
皆実町六丁目
44%
牛田
44%
長楽寺
44%
安芸長束
40%
七軒茶屋
40%
中島
40%
河戸帆待川
40%
志和口
40%
玖村
40%
的場町
40%
稲荷町
40%
観音町
40%
高須
40%
広電本社前
40%
皆実町二丁目
40%
縮景園前
40%
伴中央
40%
白木山
36%
土橋
36%
商工センター入口
36%
井口
36%
佐伯区役所前
36%
楽々園
36%
広大附属学校前
36%
比治山下
36%
比治山橋
36%
南区役所
36%
家庭裁判所前
36%
城北
36%
中筋
36%
大原
36%
大塚
36%
中三田
32%
十日市町
32%
天満町
32%
福島町
32%
古江
32%
中電前
32%
御幸橋
32%
元宇品口
32%
舟入本町
32%
寺町
32%
不動院前
32%
祇園新橋北
32%
毘沙門台
32%
安東
32%
上安
32%
上八木
28%
井原市
28%
本川町
28%
小網町
28%
西観音町
28%
東高須
28%
草津南
28%
袋町
28%
鷹野橋
28%
日赤病院前
28%
県病院前
28%
海岸通
28%
段原一丁目
28%
舟入町
28%
舟入幸町
28%
舟入南
28%
横川一丁目
28%
西原
28%
上三田
24%
舟入川口町
24%
別院前
20%
高取
20%
修大協創中高前
16%
No matching quizzes found
Score Distribution
Percent of People with Each Score
Percentile by Number Answered
Your Score History
You have not taken this quiz